000 00512nam a2200169Ia 4500
008 240729s9999 xx 000 0 und d
022 _a2383-9910
245 0 _aBrain & NeuroRehabilitation
260 _aKorea, Republic of
260 _bKorean Society for Neurorehabilitation
650 _a Internal medicine
650 _a Neurosciences. Biological psychiatry. Neuropsychiatry
650 _aMedicine
856 _uhttps://doaj.org/toc/cbc0157dc6a442d4bcac11fe06b54813
942 _2ddc
942 _cDOAJEJ
999 _c68237
_d68237
945 _a1
_bMadushi Gamage
_c1
_dMadushi Gamage